00461nam a2200145Ia 4500008004100000100001400041245009700055260001100152300002100163440003400184521000900218650003600227650002200263650003000285140626s9999 xx 000 0 und d aZhu, Rui. aDoes online community participation foster risky financial behavior /cRui Zhu ... [et al.]. cc2012. a49 : 3, page 394 aJournal of Marketing Research aBSBA aOnline community participation. aRisk preferences. aRisky financial behavior.